000 00625nam a2200205Ia 4500
005 20250923145110.0
008 008 250917s9999 xx 000 0 eng d
037 _aTextual
040 _aDSWL
_beng
_cDSWL
041 _aeng
_2eng
084 _aYX,ZFp2,N66, N69
_qDSWL
100 _aGhildyal, U.C.
_9831780
245 0 _aObjectives of community development
_cby U.C. Ghildyal
260 _aHyderabad
_bNational Institute of Community Development
_c1967
300 _aix,134 p.
365 _aINR
_b2.00
925 _g2.00
942 _cTEXL
_hYX,ZFp2,N66, N69
999 _c1447062
_d1447062